| 000 | 00527nab a2200193 a 4500 | ||
|---|---|---|---|
| 005 | 20240830063742.0 | ||
| 008 | 991125s1985 mx 000 0 spa u | ||
| 035 | _aUPN01000152973 | ||
| 100 | 1 | _aSANTAMARIA BENAVIDES, Karla | |
| 222 | _aROMPAN FILAS | ||
| 245 | _aAnsiedad ante los exámenes en alumnos de secundaria | ||
| 260 | _aMéxico | ||
| 300 | _a31-39 | ||
| 362 | 0 | _a2006 Año 15, no. 81 | |
| 650 | 4 | _aREPROBACION | |
| 650 | 2 |
_aExámenes _917034 |
|
| 650 | 7 |
_aEducación secundaria _2 _94281 |
|
| 905 | _aArticulo | ||
| 999 |
_c125096 _d125096 |
||